| 000 | 01819aam a2200517 4500 | ||
|---|---|---|---|
| 005 | 20250603145737.0 | ||
| 008 | 150610b1990 xxu||||| |||| 00| 0 spa d | ||
| 041 | _aEspañol | ||
| 082 | _a658.403.8 B664s2 | ||
| 100 |
_aBocchino, William A _924737 |
||
| 245 | _aSistemas de información para la administración: técnicas e instrumentos | ||
| 250 | _a2 edición. | ||
| 260 | _aMéxico | ||
| 260 | _bTrillas | ||
| 260 | _c1990 | ||
| 300 | _a403 páginas | ||
| 650 | _aGESTIÓN DE LA INFORMACIÓN | ||
| 650 | _aSISTEMAS DE INFORMACIÓN | ||
| 650 | _aGLOSARIO DE SISTEMAS DE INFORMACIÓN PARA LA ADMINISTRACIÓN | ||
| 650 | _aFUNCIONES DE PLANEACIÓN | ||
| 650 | _aINSTRUMENTOS DE SIMPLIFICACIÓN DEL TRABAJO | ||
| 650 | _aINSTRUMENTOS PRAGMÁTICOS PARA ANÁLISIS DE SISTEMAS | ||
| 650 | _aTÉCNICAS ESTADÍSTICAS PARA SISTEMAS DE INFORMACIÓN | ||
| 650 | _aMUESTREO DE TRABAJO | ||
| 650 | _aANÁLISIS DE FORMA | ||
| 650 | _aADMINISTRACIÓN | ||
| 650 | _aANÁLISIS DE SISTEMAS | ||
| 650 | _aCONTROL DE SISTEMAS | ||
| 650 | _aINVESTIGACIÓN DE OPERACIONES | ||
| 650 | _aPLANEACIÓN | ||
| 650 | _aESTADÍSTICA | ||
| 650 | _aTÉCNICAS DE CONTROL DE SISTEMAS | ||
| 650 | _aSISTEMAS DE CONTROL DE INVENTARIOS | ||
| 650 | _aPROGRAMAS PERT | ||
| 650 | _aPROCESAMIENTO AUTOMÁTICO DE DATOS DE INFORMACIÓN PARA LA ADMINISTRACIÓN | ||
| 650 | _aINVESTIGACIÓN DE OPERACIONES PARA EL ANALISTA DE SISTEMAS | ||
| 650 | _aTEORÍA DE LOS JUEGOS | ||
| 650 | _aDISTRIBUCIÓN DEL TRABAJO | ||
| 650 | _aCOMPUTADORAS INSTRUMENTO PARA LA ADMINISTRACIÓN | ||
| 650 | _aCONTROL DE INVENTARIOS | ||
| 650 | _aDIAGRAMAS DE FLUJO | ||
| 650 | _aSIMPLIFICACIÓN DEL TRABAJO | ||
| 650 | _aSISTEMA DE INFORMACIÓN PARA ADMINISTRACIÓN AUTOMATIZADA | ||
| 942 |
_cBK _2ddc |
||
| 999 |
_c1269 _d1269 |
||